| 000 | 01123nac a22003131u 4500 | ||
|---|---|---|---|
| 008 | 160926b xxu||||| |||| 00| 0 eng d | ||
| 010 | _a 2007278401 | ||
| 020 | _a0071462368 | ||
| 020 | _a9780071462365 | ||
| 035 | _a(OCoLC)ocm70224615 | ||
| 082 | 0 | 4 |
_a338.5 _bSAL |
| 100 |
_930296 _aSalvatore, Dominick |
||
| 245 | 1 | 0 |
_aSchaum’s outline of microeconomics / _cDominick Salvatore. |
| 246 | 3 | 0 | _aMicroeconomics |
| 250 | _a4th ed. | ||
| 260 |
_aNew York : _bMcGraw-Hill,2006 _cc2006. |
||
| 300 |
_axi, 356 p. : _bill. ; _c28 cm. |
||
| 490 | 1 | _aSchaum's outlines series | |
| 500 | _aIncludes index. | ||
| 500 | _adistributer: Baccah | ||
| 511 | _acatalogued by: wessam | ||
| 650 | 0 |
_aMicroeconomics. _2BUEsh |
|
| 651 | _2BUEsh | ||
| 830 | 0 | _aSchaum's outline series. | |
| 856 | 4 | 1 |
_3Table of contents only _uhttp://www.loc.gov/catdir/toc/fy0715/2007278401.html |
| 856 | 4 | 1 |
_3Contributor biographical information _uhttp://www.loc.gov/catdir/enhancements/fy0808/2007278401-b.html |
| 856 | 4 | 1 |
_3Publisher description _uhttp://www.loc.gov/catdir/enhancements/fy0808/2007278401-d.html |
| 942 |
_cBB _k338.5SAL _2ddc |
||
| 999 |
_c8763 _d8763 |
||